Việt Nam phong sử (Sách tham khảo)

Saved in:
Bibliographic Details
Main Author: Nguyễn Văn Mại
Format: Book
Language:Vietnamese
Published: Lao động 2004
Tags: Add Tag
No Tags, Be the first to tag this record!
Institutions: Mạng thư viện Đại học Đà Nẵng
LEADER 00702nam a2200253 4500
001 000021469
003 17917
005 20150421150414.0
008 150421s2004 viesd
020 |c 29.000 
041 0 |a vie 
082 1 4 |a 398.8  |b NG-M 
100 1 |a Nguyễn Văn Mại 
245 1 0 |a Việt Nam phong sử (Sách tham khảo)  |c Nguyễn Văn Mại ; dịch giả Tạ Quang Phát ; hiệu chỉnh Nguyễn Hào Hùng 
260 |b Lao động  |c 2004 
300 |a tr.  |c cm. 
OWN |a LSP 
999 |a From the UDN01 
TYP |a Monograph 
TYP |a Printed language 
980 |a Mạng thư viện Đại học Đà Nẵng